Programming Languages - Statistics

General Stats
  • This quiz has been taken 421 times
  • The average score is 7 of 11
Answer Stats
Hint Answer % Correct
One of the most popular languages today, runs on all platforms Java
99%
Used to design the STRUCTURE of a webpage HTML
96%
Used to design the BEHAVIOR of a webpage JavaScript
94%
Most begginers learn this, whitespace matters Python
94%
Used to design the LOOKS/COSMETICS of a webpage CSS
88%
The 0's and 1's Binary
70%
Developed by Apple, and made to run on iOS devices Swift
67%
Made in 1964, Microsoft made another version in the 90's Basic
49%
Considered the "Programmer's best friend" Ruby
44%
Used in businesses, responsible for the Y2K bug COBOL
37%
One of the fastest, yet hardest, programming languages Assembley
6%
No matching quizzes found
Score Distribution
Percent of People with Each Score
Percentile by Number Answered
Your Score History
You have not taken this quiz